UBT Library

Skills for Consumer Success (Record no. 53868)

000 -LEADER
fixed length control field 00279nam a22001217a 4500
008 - FIXED-LENGTH DATA ELEMENTS--GENERAL INFORMATION
fixed length control field 190129b xxu||||| |||| 00| 0 eng d
041 ## - LANGUAGE CODE
Language code of text/sound track or separate title eng
080 ## - UNIVERSAL DECIMAL CLASSIFICATION NUMBER
Edition identifier 5th
Universal Decimal Classification number 339.138
100 ## - Rafti
Rafti 60
101 ## - Shkurtesa
Shkurtesa MKT
245 ## - TITLE STATEMENT
Title Skills for Consumer Success
Statement of responsibility, etc Donnelly,M.Q
942 ## - ADDED ENTRY ELEMENTS (KOHA)
Source of classification or shelving scheme
Item type Books
Holdings
Withdrawn status Lost status Source of classification or shelving scheme Damaged status Not for loan Collection code Permanent location Current location Shelving location Date acquired Total Checkouts Full call number Barcode Date last seen Price effective from Koha item type
          Koleksioni i përgjithshem UBT - Lipjan UBT - Lipjan Koleksioni i përgjithshem 01/29/2019   339.138 DON 002-3021413 01/29/2019 01/29/2019 Books
UBT Library © 2015-2024. All rights reserved University Education for Business and Technology